Govt. of
Madhya Pradesh

Short Stories (Record no. 745)

MARC details
000 -LEADER
fixed length control field 004270000a22001930004500
001 - CONTROL NUMBER
control field 000747
003 - CONTROL NUMBER IDENTIFIER
control field MACL
005 - DATE AND TIME OF LATEST TRANSACTION
control field 20150915112958.0
008 - FIXED-LENGTH DATA ELEMENTS--GENERAL INFORMATION
fixed length control field 150915b xxu||||| |||| 00| 0 eng d
040 ## - CATALOGING SOURCE
Original cataloging agency MACL
Transcribing agency MACL
041 ## - LANGUAGE CODE
Language code of text/sound track or separate title English
082 ## - DEWEY DECIMAL CLASSIFICATION NUMBER
Classification number 823/HEN
100 ## - MAIN ENTRY--PERSONAL NAME
Personal name Henry, O
9 (RLIN) 10934
245 ## - TITLE STATEMENT
Title Short Stories
Statement of responsibility, etc. O Henry
260 ## - PUBLICATION, DISTRIBUTION, ETC. (IMPRINT)
Place of publication, distribution, etc. Calcutta
Date of publication, distribution, etc. 1997
350 ## - PRICE (NR) (BK AM CF MU VM SE) [OBSOLETE]
Price 35
650 ## - SUBJECT ADDED ENTRY--TOPICAL TERM
Topical term or geographic name as entry element Ficition
9 (RLIN) 10935
942 ## - ADDED ENTRY ELEMENTS (KOHA)
Call number prefix 823
Koha item type Books
Source of classification or shelving scheme
Holdings
Withdrawn status Lost status Source of classification or shelving scheme Damaged status Not for loan Home library Current library Date acquired Cost, normal purchase price Total Checkouts Full call number Barcode Date last seen Uniform Resource Identifier Price effective from Koha item type
          MACL MACL 15/04/2015 35.00   823/HEN CRE011801 02/05/2024 746 15/04/2015 Books